[Event "FRA-ch op-D"]
[Site "Pau"]
[Date "2012.08.25"]
[Round "11"]
[White "Grothe, Alice"]
[Black "Georges, Lisa"]
[Result "0-1"]
[WhiteElo "1468"]
[BlackElo "1388"]
[PlyCount "116"]
[EventDate "2012.08.14"]
[EventType "swiss"]
[EventRounds "11"]
[EventCountry "FRA"]
[SourceTitle "EXT 2014"]
[Source "ChessBase"]
[SourceDate "2013.11.20"]
[SourceVersion "1"]
[SourceVersionDate "2013.11.20"]
[SourceQuality "1"]

1. f4 c5 2. b3 d6 3. Bb2 Nf6 4. Nf3 g6 5. e3 Bg7 6. Bc4 0-0 7. 0-0 Nc6 8. Qe1 Bf5 9. d3 a6 10. e4 Bd7 11. a3 b5 12. Bd5 Nxd5 13. Bxg7 Kxg7 14. exd5 Nb8 15. Nh4 f5 16. Qg3 Be8 17. Nd2 Kh8 18. Rae1 Nd7 19. Qg5 Rf7 20. Rf3 Nf8 21. Rh3 Rg7 22. Ree3 Ra7 23. Reg3 Qa5 24. Nxf5 Qxd2 25. Kf1 Qd1+ 26. Kf2 Qxc2+ 27. Kf1 Qc1+ 28. Ke2 Qb2+ 29. Kf1 gxf5 30. Qxf5 Rf7 31. Qg5 Qg7 32. Qxg7+ Rxg7 33. Rf3 Bf7 34. Rf2 Bxd5 35. Rb2 Rg4 36. g3 Be6 37. Rh5 Bf7 38. Rf5 e6 39. Rg5 Rxg5 40. fxg5 Bg6 41. Ke2 Kg7 42. a4 bxa4 43. bxa4 h6 44. gxh6+ Kxh6 45. Rb6 d5 46. Rc6 Rb7 47. Rxc5 Rb2+ 48. Ke3 Rxh2 49. d4 Rh3 50. Kf4 Bd3 51. Rc8 Ng6+ 52. Kg4 Bf5+ 53. Kf3 e5 54. dxe5 Nxe5+ 55. Kf4 Bxc8 56. Kxe5 Rxg3 57. Kxd5 Ra3 58. Kc6 Rxa4 0-1